|
|
|
|
| LEADER |
00605cam a2200169 7i4500 |
| 001 |
0000005820 |
| 005 |
19991025090000.0 |
| 002 |
##000007463 |
| 020 |
0 |
0 |
|a 983-9870-00-9
|
| 090 |
0 |
0 |
|a M 615.19
|b GUI
|
| 245 |
0 |
0 |
|a Guidelines for application for pharmaceutical products :
|b containing scheduled poisons and non-scheduled products.
|
| 250 |
0 |
0 |
|a 3rd ed..
|
| 260 |
0 |
0 |
|a Petaling Jaya:
|b Ministry of Health Malaysia,
|c [199-].
|
| 300 |
0 |
0 |
|a 195 p..
|
| 650 |
0 |
0 |
|a Pharmaceutical products --
|x guidelines for registration --
|z Malaysia
|
| 651 |
0 |
0 |
|a Malaysia
|
| 999 |
|
|
|a 0000008879
|b Book
|c Open shelf
|e Business Information Centre
|